000 00331nam a2200145Ia 4500
100 _aWatson/ Mark
942 _cBK
654 _aComputer
245 _aPortable user interface Prog in C++ 2nd ed
260 _bMc Graw Hill
_aNew york
_c1995
082 _a005.262 C++
_bWAT
300 _a360
546 _aENGLISH
999 _c26360
_d26360